=LDR 00000nam 2200000 4500 =001 INLIS000000000003930 =005 20130612092227 =008 ***********************************Ind** =035 ##$$0010-061300000003930 =041 ##$$a Ind =082 ##$$a 92(Din) =090 ##$$a 92(Din), Ibr c =100 ##$$a Ibrahim, Mukhtaruddin =245 ##$$a Cut Nyak Din, oleh Mukhtaruddin Ibrahim =260 ##$$a 1996 $b Jakarta =300 ##$$a XV, 93 hlm., 21 cm =650 ##$$a Din, Nyak, Cut =850 ##$$a NBPNMAT =990 ##$$a 0001/BPAP-NTB/2015